000 00484nam a2200169Ia 4500
001 24473
005 20260414151046.0
008 260414t2009||||xx |||||||||||||| ||spa||
041 _aESP
082 _a345.708
_bC65
100 _aCongreso de la República. Comisión de Justicia y Derechos Humanos Periodo 2008-2009
_eAUT
245 0 _aReformas urgentes a las normas del proceso civil peruano
_b
260 _c2009
650 _aDER
654 _aCDE
942 _cLIB
_dJUS
_fJUS
_2ddc
_n
999 _c24473
_d24473